| 000 | 00345nam a2200121Ia 4500 | ||
|---|---|---|---|
| 005 | 20251222154306.0 | ||
| 008 | 251222s9999||||xx |||||||||||||| ||spa|| | ||
| 020 | _a978-84-368-2304-2 | ||
| 082 | _a363.7/G23 | ||
| 100 | _a"GarcĂa Mira, RicardoVega Marcote, Pedro, dirs." | ||
| 245 | 0 | _a"Sostenibilidad, valores y cultura ambiental" | |
| 942 | _cLIB | ||
| 999 |
_c33211 _d33211 |
||